000 00782nmm a2200277 a 4500
003 AR-BaBNM
005 20251128203550.0
008 187119s1979 ||||||||||||||000 | spa||
020 _a0-13-344952-1
040 _cAR-BaBNM
100 1 _aHorne, James C.van
245 1 0 _aFundamentos de administración financiera
260 _aMadrid
_bPrentice-Hall Internacional
_c1979
300 0 _a626 p.
_btablas, gráfs.
650 4 _aPOLITICA FINANCIERA
650 4 _aADMINISTRACION FINANCIERA
650 4 _aANALISIS DE COSTOS
650 4 _aANALISIS ECONOMICO
650 4 _aADMINISTRACION DE EMPRESAS
650 4 _aFINANZAS
650 4 _aFINANCIACION
650 4 _aECONOMIA DE LA EMPRESA
700 1 _aBetancourt, Alberto León
_etraductor
942 _cBK
998 _cmariana
999 _c3959
_d3959